The Companion to Development Studies. (Record no. 640)

MARC details
005 - DATE AND TIME OF LATEST TRANSACTION
control field 20250314141436.0
020 ## - INTERNATIONAL STANDARD BOOK NUMBER
International Standard Book Number 978-1-4441-6724-5
082 ## - DEWEY DECIMAL CLASSIFICATION NUMBER
Classification number 338.91 COM
245 ## - TITLE STATEMENT
Title The Companion to Development Studies.
250 ## - EDITION STATEMENT
Edition statement 3rdEd.
260 ## - PUBLICATION, DISTRIBUTION, ETC.
Place of publication, distribution, etc. New York,
Name of publisher, distributor, etc. Routledge,
Date of publication, distribution, etc. 2014.
300 ## - PHYSICAL DESCRIPTION
Extent xxii,603p.:Ill.;figures.
Other physical details Index.
Dimensions 24cm.
700 ## - ADDED ENTRY--PERSONAL NAME
Other authors/Editors VANDANA, DESAI AND ROBERT,B. POTTER.
942 ## - ADDED ENTRY ELEMENTS (KOHA)
Source of classification or shelving scheme Dewey Decimal Classification
Koha item type Books
Holdings
Date last seen Total checkouts Full call number Barcode Cost, replacement price Price effective from Koha item type Lost status Source of classification or shelving scheme Damaged status Not for loan Withdrawn status Home library Current library Shelving location Date acquired Cost, normal purchase price
03/14/2025   338.91 COM 0000002596 329250.00 03/14/2025 Books   Dewey Decimal Classification       College of Business Education Main Library College of Business Education Main Library General Collection 03/14/2025 109750.00
03/14/2025   338.91 COM 0000002597 329250.00 03/14/2025 Books   Dewey Decimal Classification       College of Business Education Main Library College of Business Education Main Library General Collection 03/14/2025 109750.00
03/14/2025   338.91 COM 0000002598 329250.00 03/14/2025 Books   Dewey Decimal Classification       College of Business Education Main Library College of Business Education Main Library General Collection 03/14/2025 109750.00
03/14/2025   338.91 COM 0000002599 329250.00 03/14/2025 Books   Dewey Decimal Classification       College of Business Education Main Library College of Business Education Main Library Special Reserve Collection 03/14/2025 109750.00
03/14/2025   338.91 COM 0000002600 329250.00 03/14/2025 Books   Dewey Decimal Classification       College of Business Education Main Library College of Business Education Main Library General Collection 03/14/2025 109750.00